Statistiche per Film con Leonardo di Caprio

Clicka qui per fare il quiz!

Statistiche generali

  • Questo quiz è stato fatto 357 volte
  • Il punteggio medio è 8 su 15

Statistiche sulle risposte

AnnoRegistaFilm% Corretto
1997James CameronTitanic
98%
2013Martin ScorseseThe Wolf of Wall Street
73%
2010Christopher NolanInception
72%
2019Quentin TarantinoC'era una volta a... Hollywood
62%
2010Martin ScorseseShutter Island
62%
2015Alejandro González IñárrituRevenant - Redivivo
59%
2012Quentin TarantinoDjango Unchained
55%
2002Steven SpielbergProva a prendermi
53%
2013Baz LuhrmannIl grande Gatsby
52%
2006Martin ScorseseThe Departed - Il bene e il male
46%
2004Martin ScorseseThe Aviator
32%
1993Lasse HallströmBuon Compleanno Mr. Grape
29%
2002Martin ScorseseGangs of New York
26%
2006Edward ZwickBlood Diamond - Diamanti di sangue
25%
2008Sam MendesRevolutionary Road
23%

Distribuzione punteggi

Percentile per numero di risposta

Percentuale di utenti per punteggio

I tuoi punteggi nel tempo

Non hai fatto questo quiz